Report on the implementation of the investment policy review: Lesotho (Record no. 56212)

MARC details
000 -LEADER
fixed length control field 00818nam a2200205 a 4500
003 - CONTROL NUMBER IDENTIFIER
control field CBULib
005 - DATE AND TIME OF LATEST TRANSACTION
control field 20240417093037.0
008 - FIXED-LENGTH DATA ELEMENTS--GENERAL INFORMATION
fixed length control field 140918s2014 ||||||||||||||||| || u
040 ## - CATALOGING SOURCE
Original cataloging agency LC
Language of cataloging CBUlib
Transcribing agency CBUlib
Modifying agency CBUlib
Description conventions rda
050 ## - LIBRARY OF CONGRESS CALL NUMBER
Classification number UNCTAD(058)
110 ## - MAIN ENTRY--CORPORATE NAME
Corporate name or jurisdiction name as entry element United Nations Conference on Trade and Development (UNCTAD)
245 10 - TITLE STATEMENT
Title Report on the implementation of the investment policy review: Lesotho
Statement of responsibility, etc. /by United Nations Conference on Trade and Developmet [UNCTAD]
260 ## - PUBLICATION, DISTRIBUTION, ETC.
Place of publication, distribution, etc. New York:
Name of publisher, distributor, etc. United Nations Conference on Trade and Development (UNCTAD)
Date of publication, distribution, etc. 2014
300 ## - PHYSICAL DESCRIPTION
Extent v, 16Pages.: illustrations
650 ## - SUBJECT ADDED ENTRY--TOPICAL TERM
Topical term or geographic name entry element INVESTMENT POLICY--LESOTHO
650 #0 - SUBJECT ADDED ENTRY--TOPICAL TERM
Topical term or geographic name entry element DIRECT INVESTMENT
9 (RLIN) 2759
650 #0 - SUBJECT ADDED ENTRY--TOPICAL TERM
Topical term or geographic name entry element INVESTMENT - REVIEW
9 (RLIN) 2760
942 ## - ADDED ENTRY ELEMENTS (KOHA)
Source of classification or shelving scheme
Koha item type INTERNATIONAL PUBLICATIONS
Suppress in OPAC No
Holdings
Withdrawn status Lost status Source of classification or shelving scheme Damaged status Not for loan Home library Current library Shelving location Date acquired Total Checkouts Full call number Barcode Date last seen Price effective from Koha item type
          CBU-MAIN LIBRARY, KITWE. CBU-MAIN LIBRARY, KITWE.   11/30/2022   UNCTAD(058) B1634 11/30/2022 11/30/2022 MONOGRAPH